| 000 | 00804nas a2200265 4500 | ||
|---|---|---|---|
| 001 | BR7903266 | ||
| 003 | BR-BrBNA | ||
| 005 | 20231205083738.0 | ||
| 007 | ta | ||
| 008 | 230509b bl.|||p| |||| 00| 00por d | ||
| 040 |
_aBR-BrBNA _bpor _cBiblioteca Nacional de Agricultura |
||
| 041 | _a(Pt) | ||
| 072 | _aL73 | ||
| 100 | 1 | _aCappellaro, C.E.M.P.D.M. | |
| 100 | 1 | _aRibeiro, L.O.C. | |
| 100 | 1 | _aMueller, S.B.K. | |
| 100 | 1 | _aPiegas, N.S. | |
| 245 | 1 | _aEstudos da morfologia e histopatologia de diferentes tipos de papilomas bovinos [papilomatose, Bos taurus] | |
| 650 | _aBOVINO | ||
| 650 | _aPAPILOMATOSE | ||
| 650 | _aVIRUS | ||
| 773 | 0 |
_tBiologico (Brazil) _xISSN 0366-0567 _g(Dec 1978), v. 44(12) p. 307-316 _wBR7903266 |
|
| 909 |
_a202311 _bLúcia _c55 _dLúcia Elande |
||
| 942 |
_2AGRIS _n0 _cANA |
||
| 999 |
_c100926 _d100926 |
||